Normal view
MARC view
- MS-Electrical Engineering (Telecommunication and Computer Networks)
Entry Topical Term
001 - CONTROL NUMBER
- control field: 126446
003 - CONTROL NUMBER IDENTIFIER
- control field: NUST
005 - DATE AND TIME OF LATEST TRANSACTION
- control field: 20241023160054.0
008 - FIXED-LENGTH DATA ELEMENTS
- fixed length control field: 241023|| aca||aabn | a|a d
040 ## - CATALOGING SOURCE
- Original cataloging agency: NUST
- Transcribing agency: NUST
150 ## - HEADING--TOPICAL TERM
- Topical term or geographic name entry element: MS-Electrical Engineering (Telecommunication and Computer Networks)
670 ## - SOURCE DATA FOUND
- Source citation: Work cat.: (NUST)591040: Chauhdary, Rimsha 97377, Towards Mimicking The Network Traffic Streams Using Machine Learning Techniques /
